000 00314nam a22001457a 4500
008 210430b ||||| |||| 00| 0 eng d
020 _a9780138138820
041 _aeng
080 _23rd
_a37
082 _a37
100 _a46
101 _aEDU
245 _aHandbook for Writers
_cTroyka,L.Q
942 _2udc
_cBK
999 _c57072
_d57072